Effect of charcoal kaln on forest resource at haong samnam commune, oral district, kompong speu province, ឥទ្ធិពលនៃការបង្កើតឡធ្យូងទៅលើធនធានព្រៃឈើនៅឃុំហោងសំណំ ស្រុកឱរ៉ាល់ ខេត្តកំពង់ស្ពឺ, (Record no. 3450)

000 -LEADER
fixed length control field 00702nam a22001577a 4500
003 - CONTROL NUMBER IDENTIFIER
control field OSt
005 - DATE AND TIME OF LATEST TRANSACTION
control field 20151116100644.0
008 - FIXED-LENGTH DATA ELEMENTS--GENERAL INFORMATION
fixed length control field 151116b xxu||||| |||| 00| 0 eng d
040 ## - CATALOGING SOURCE
Transcribing agency RUA
082 ## - DEWEY DECIMAL CLASSIFICATION NUMBER
Classification number FOR LIN 2013 B141 Or.1
100 ## - MAIN ENTRY--PERSONAL NAME
9 (RLIN) 3705
Personal name LIN MAKARA
245 ## - TITLE STATEMENT
Title Effect of charcoal kaln on forest resource at haong samnam commune, oral district, kompong speu province, ឥទ្ធិពលនៃការបង្កើតឡធ្យូងទៅលើធនធានព្រៃឈើនៅឃុំហោងសំណំ ស្រុកឱរ៉ាល់ ខេត្តកំពង់ស្ពឺ,
260 ## - PUBLICATION, DISTRIBUTION, ETC. (IMPRINT)
Place of publication, distribution, etc. Phnom Penh
Name of publisher, distributor, etc. Rua
Date of publication, distribution, etc. 2013
300 ## - PHYSICAL DESCRIPTION
Extent xii; 46p.
Other physical details ill.
Dimensions 29cm.
942 ## - ADDED ENTRY ELEMENTS (KOHA)
Source of classification or shelving scheme
Koha item type FOR
Holdings
Price effective from Date last seen Permanent Location Not for loan Date acquired Source of classification or shelving scheme Koha item type Lost status Withdrawn status Date last checked out Total Checkouts Shelving location Damaged status Barcode Current Location Full call number
2015-11-162015-11-16Library Block B 2015-11-16 FOR    B141 RUA027328Library Block BFOR LIN 2013 B141 Or.1
2015-11-162015-11-16Library Block B 2015-11-16 FOR    B141 RUA027434Library Block BFOR LIN 2013 B141 Or.2
2015-11-162016-07-15Library Block B 2015-11-16 FOR  2016-06-241B141 RUA027404Library Block BFOR LIN 2013 B141 Or.3
2015-11-162015-11-16Library Block B 2015-11-16 FOR    B141 RUA027340Library Block BFOR LIN 2013 B141 Or.4
2015-11-162015-11-16Library Block B 2015-11-16 FOR    B141 RUA027053Library Block BFOR LIN 2013 B141 Or.5
2015-11-162015-11-16Library Block B 2015-11-16 FOR    B141 RUA027173Library Block BFOR LIN 2013 B141 Or.6
2015-11-162015-11-16Library Block B 2015-11-16 FOR    B141 RUA027101Library Block BFOR LIN 2013 B141 Or.7
2015-11-162015-11-16Library Block B 2015-11-16 FOR    B141 RUA027029Library Block BFOR LIN 2013 B141 Or.8
មជ្ឈមណ្ឌលឯការនៃសាកលវិទ្យាល័យភូមិន្ទកសិកម្មចំការដូង

Powered by Koha